The theory of catering / (Record no. 23836)
[ view plain ]
| 000 -LEADER | |
|---|---|
| fixed length control field | 00651nam a2200217 a 4500 |
| 005 - DATE AND TIME OF LATEST TRANSACTION | |
| control field | 20140310183459.0 |
| 008 - FIXED-LENGTH DATA ELEMENTS--GENERAL INFORMATION | |
| fixed length control field | 100115s19uu xx 00 eng d |
| 020 ## - INTERNATIONAL STANDARD BOOK NUMBER | |
| International Standard Book Number | 9780340939260 |
| 050 ## - LIBRARY OF CONGRESS CALL NUMBER | |
| Classification number | TX 943 |
| Item number | .F749 2007 |
| 100 ## - MAIN ENTRY--PERSONAL NAME | |
| Personal name | Foskett, David |
| 245 ## - TITLE STATEMENT | |
| Title | The theory of catering / |
| Statement of responsibility, etc | David Foskett, Victor Ceserani. |
| 250 ## - EDITION STATEMENT | |
| Edition statement | 11th ed. |
| 260 ## - PUBLICATION, DISTRIBUTION, ETC. (IMPRINT) | |
| Place of publication, distribution, etc | London : |
| Name of publisher, distributor, etc | Unilever Foodsolutions, |
| Date of publication, distribution, etc | c2008. |
| 300 ## - PHYSICAL DESCRIPTION | |
| Extent | 705 p. : |
| Other physical details | col. ill. ; |
| Dimensions | 25 cm. |
| 521 ## - TARGET AUDIENCE NOTE | |
| Target audience note | |
| 650 ## - SUBJECT ADDED ENTRY--TOPICAL TERM | |
| Topical term or geographic name as entry element | Catering. |
| 650 ## - SUBJECT ADDED ENTRY--TOPICAL TERM | |
| Topical term or geographic name as entry element | Culinary Institute of America. 3.Caterers and catering |
| General subdivision | Management. |
| 700 ## - ADDED ENTRY--PERSONAL NAME | |
| Personal name | Ceserani, Victor |
| 942 ## - ADDED ENTRY ELEMENTS (KOHA) | |
| Koha item type | Books |
| Source of classification or shelving scheme | Library of Congress Classification |
| Call number prefix | Foreign |
| Withdrawn status | Lost status | Source of classification or shelving scheme | Damaged status | Home library | Current library | Shelving location | Date acquired | Source of acquisition | Cost, normal purchase price | Total Checkouts | Full call number | Barcode | Date last seen | Date checked out | Copy number | Price effective from | Koha item type |
|---|---|---|---|---|---|---|---|---|---|---|---|---|---|---|---|---|---|
| Library of Congress Classification | College Library | College Library | General Circulation Section | 01/15/2010 | Donation | 3323.00 | 1 | TX 943 .F749 2007 | C11010 | 08/08/2018 | 08/01/2018 | 1 | 10/18/2013 | Books |